<?xml version="1.0" encoding="UTF-8"?><?xml-stylesheet type="text/xsl" href="static/style.xsl"?><OAI-PMH xmlns="http://www.openarchives.org/OAI/2.0/" xmlns:xsi="http://www.w3.org/2001/XMLSchema-instance" xsi:schemaLocation="http://www.openarchives.org/OAI/2.0/ http://www.openarchives.org/OAI/2.0/OAI-PMH.xsd"><responseDate>2026-04-29T00:40:57Z</responseDate><request verb="GetRecord" identifier="oai:repisalud.isciii.es:20.500.12105/7116" metadataPrefix="marc">https://repisalud.isciii.es/rest/oai/request</request><GetRecord><record><header><identifier>oai:repisalud.isciii.es:20.500.12105/7116</identifier><datestamp>2025-06-03T09:50:52Z</datestamp><setSpec>com_20.500.12105_2405</setSpec><setSpec>com_20.500.12105_2403</setSpec><setSpec>col_20.500.12105_2418</setSpec></header><metadata><record xmlns="http://www.loc.gov/MARC21/slim" xmlns:dcterms="http://purl.org/dc/terms/" xmlns:doc="http://www.lyncode.com/xoai" xmlns:xsi="http://www.w3.org/2001/XMLSchema-instance" xsi:schemaLocation="http://www.loc.gov/MARC21/slim http://www.loc.gov/standards/marcxml/schema/MARC21slim.xsd">
   <leader>00925njm 22002777a 4500</leader>
   <datafield ind2=" " ind1=" " tag="042">
      <subfield code="a">dc</subfield>
   </datafield>
   <datafield ind2=" " ind1=" " tag="720">
      <subfield code="a">Ramos-Gonzalez, Maria Victoria</subfield>
      <subfield code="e">author</subfield>
   </datafield>
   <datafield ind2=" " ind1=" " tag="720">
      <subfield code="a">Marcos Garcia, Maria Dolores</subfield>
      <subfield code="e">author</subfield>
   </datafield>
   <datafield ind2=" " ind1=" " tag="260">
      <subfield code="c">2018-12</subfield>
   </datafield>
   <datafield ind2=" " ind1=" " tag="520">
      <subfield code="a">El presente trabajo se centra en analizar la aportación de las tecnologías de la infor-mación y las comunicaciones - TIC - en la prevención o reducción de los errores que se producen durante la administración terapéutica de fármacos. La metodología empleada ha incluido revisiones, tanto de trabajos científicos publicados en bases de datos bibliográ-ficas, como de equipos o sistemas ya comercializados, además de pruebas de laboratorio efectuadas sobre dispositivos radiantes.Se analiza el papel que desempeña el paciente, tanto en lo relativo al cumplimiento de los tratamientos prescritos como en su rol de usuario de las soluciones técnicas diseñadas para tal fin, y las consecuencias que podría tener en el actual modelo de relación entre los profesionales sanitarios y los pacientes, un futuro en el que existan múltiples tecnologías destinadas a dar soporte a nuestras rutinas diarias, incluidas las del cuidado de la salud. De forma muy especial, se ha profundizado en los riesgos para la seguridad personal de  las TIC,  en  entornos  caracterizados  por  emisiones  electromagnéticas  concurrentes  y operando  a  distintas  frecuencias.  A  este  respecto  se  han  considerado  las  implicaciones y  nuevos  escenarios  que  plantea  Internet  de  las  Cosas  o  IoT  (acrónimo  de Internet  of Things), partiendo del enfoque que, conjuntamente, adoptaron la Comisión Europea y la Plataforma tecnológica europea sobre integración de sistemas inteligentes (EPoSS), en su informe de 2008 Internet of Things in 2020: a roadmap for the future, y se ha analizado la evolución de esta apuesta tecnológica hasta el momento actual.</subfield>
   </datafield>
   <datafield ind1="8" ind2=" " tag="024">
      <subfield code="a">Administración segura de medicamentos en los nuevos escenarios electromagnéticos de Internet de las Cosas (IoT). Madrid; Instituto de Salud Carlos III,  Unidad de Investigación en Telemedicina y e-salud: 2018.</subfield>
   </datafield>
   <datafield ind1="8" ind2=" " tag="024">
      <subfield code="a">http://hdl.handle.net/20.500.12105/7116</subfield>
   </datafield>
   <datafield ind1="8" ind2=" " tag="024">
      <subfield code="a">10.4321/repisalud.7116</subfield>
   </datafield>
   <datafield ind1="8" ind2=" " tag="024">
      <subfield code="a">062180195</subfield>
   </datafield>
   <datafield ind1="8" ind2=" " tag="024">
      <subfield code="a">062180208</subfield>
   </datafield>
   <datafield ind2="0" ind1="0" tag="245">
      <subfield code="a">La administración segura de medicamentos en los nuevos escenarios electromagnéticos de Internet de las Cosas (IoT)</subfield>
   </datafield>
</record></metadata></record></GetRecord></OAI-PMH>